000 00521nam a22001937a 4500
003 BUBTL
008 181022b xxu||||| |||| 00| 0 eng d
020 _a81-7534-144-0
082 _a340.1KEP
100 _92062
_aKeelson, Hens
245 _aPure theory of law /
_cHens Keelson
250 _a5th ed.
260 _aIndia :
_bUniversal Law Publishing Co.Pvt.Ltd,
_cc2003
300 _axx, 607 p. :
_c21.5 cm.
650 0 _926
_aLaw
856 _k0
_l0
_yDownload
942 _2ddc
_cBK
999 _c5833
_d5833